00600nam a2200181Ia 4500008004100000020001500041050002200056100003600078245009200114250001700206260004200223300002500265336001000290337001400300338001200314504002700326650006500353120626s2000 mx 000 0 spa d a9684267118 aRC480.6bS54 2000 aSlaikeu, Karl A.b1944- eautor aIntervención en crisisb: manual para práctica e investigaciónc/ Karl A. Slaikeu a2a edición aMéxicob: El Manual Modernoc, 2000 axviii, 575 páginas atexto asin medio avolumen aBibliografia p.501-548 0aINTERVENCION EN CRISIS (SERVICIOS DE SALUD MENTAL)vMANUALES